Logo BPK

Bibliografia Prac Pracowników

Politechniki Koszalińskiej

Utylizacja popiołów lotnych w metodzie głębokiego mieszania. Wzmocnienie gruntów organicznych / (Rekord nr 921)

Szczegóły MARC
000 -ETYKIETA REKORDU
podpole kontrolne o stałej długości 01382nab a2200253 i 4500
001 - NUMER KONTROLNY REKORDU
podpole kontrolne 921
003 - IDENTYFIKATOR NUMERU KONTROLNEGO REKORDU
podpole kontrolne KOSZ 005
005 - DATA OSTATNIEJ MODYFIKACJI REKORDU
podpole kontrolne 20180103143744.0
008 - POLE O STAŁEJ DŁUGOŚCI - DANE KONTROLNE
podpole kontrolne o stałej długości 150319s2007 pl | | |100 ||pol
040 ## - ŹRÓDŁO KATALOGOWANIA
Instytucja, która utworzyła rekord BPK
Instytucja, która dokonała modyfikacji KOSZ 005/EG
080 ## - UNIWERSALNA KLASYFIKACJA DZIESIĘTNA - UKD
UKD 624.131
080 ## - UNIWERSALNA KLASYFIKACJA DZIESIĘTNA - UKD
UKD 662.6
100 1# - NAZWA OSOBOWA
Nazwa osobowa FILIPIAK, Jarosław.
Lata pracy 1996 - 2003.
Instytucja Politechnika Koszalińska - Wydział Budownictwa i Inżynierii Środowiska,
Wydział Katedra Geotechniki
245 10 - TYTUŁ/ODPOWIEDZIALNOŚĆ
Tytuł Utylizacja popiołów lotnych w metodzie głębokiego mieszania. Wzmocnienie gruntów organicznych /
Pozostałe elementy strefy tytułu i oznaczenia odpowiedzialności Jarosław Filipiak.
500 ## - UWAGI OGÓLNE
Tekst uwagi Dane z autopsji.
520 ## - UWAGA DOTYCZĄCA TREŚCI DOKUMENTU
Analiza dokumentacyjna, adnotacja itp. W pracy przedstawiono metodologię i wyniki badań wzmacniania gruntów organicznych z okolic Koszalina i Szczecinka mieszanką cementowo-popiołową w różnych proporcjach i ilościach stabilizatora na metr sześcienny gruntu.
650 #0 - HASŁO PRZEDMIOTOWE W FORMIE NAZWY OGÓLNEJ LUB JEDNOSTKOWEJ
Nazwa ogólna lub geograficzna Grunt.
650 #0 - HASŁO PRZEDMIOTOWE W FORMIE NAZWY OGÓLNEJ LUB JEDNOSTKOWEJ
Nazwa ogólna lub geograficzna Popiół lotny.
655 #0 - TERMIN INDEKSOWY - OKREŚLENIE RODZAJU/FORMY DOKUMENTU
Określnie rodzaju/formy dokumentu Materiały konferencyjne.
711 22 - HASŁO DODATKOWE - NAZWA IMPREZY
Nazwa imprezy Ogólnopolska Konferencja Naukowa nt. Kompleksowe i szczegółowe problemy inżynierii środowiska
Oznaczenie części/sekcji dzieła (8 ;
Data imprezy 2007 ;
Miejsce imprezy Koszalin - Darłówko, Polska).
773 0# - TYTUŁ DOKUMENTU MACIERZYSTEGO
Wyrażenie wprowadzające W :
Tytuł Zeszyty Naukowe Wydziału Budownictwa i Inżynierii Środowiska. -
Informacje dotyczące relacji 2007, nr 23, s. 492-500. -
Strefa serii Inżynieria Środowiska
830 ## - HASŁO DODATKOWE SERII LUB DOKUMENTU WIELOCZĘŚCIOWEGO - TYTUŁ UJEDNOLICONY
Tytuł ujednolicony Zeszyty Naukowe Wydziału Budownictwa i Inżynierii Środowiska Politechniki Koszalińskiej
Oznaczenie tomu nr 23
942 ## - HASŁO DODATKOWE - ELEMENTY(KOHA)
Typ dokumentu Rozdział
Schemat klasyfikacji Uniwersalna klasyfikacja dziesiętna
Egzemplarze
Wycofany Zagubiony Uszkodzony Dostępność Lokalizacja stała Lokalizacja bieżąca Sygnatura Typ dokumentu
      Dostępny Bibliografia Prac Pracowników - BPK Bibliografia Prac Pracowników - BPK 0101 Rozdział
© 2014 Biblioteka Politechniki Koszalińskiej :: BIBLIOGRAFIA PRAC PRACOWNIKÓW